000 01033cam a22003257a 4500
003 CHAP
005 20220329133403.0
008 971013s1990 r 00010 d
010 _a5772
011 _a6744
035 _a5967
040 _cCHAP
082 _a624.151
_bL5
100 0 0 _aLiu, Cheng.
_967186
245 0 _aSoil properties
_b: testing, measurement and evaluation
250 _a2ed.
260 _aEnglewood Cliffs, N.J. :
_bPrentice Hall,
_c1990
300 _a375 p.
_b: gráfs.
590 _aBATCH-UPD
_b10
_c20130110
_lUCH01
_h1704
590 _aBATCH-UPD
_b10
_c20130410
_lUCH01
_h1051
590 _aBATCH-UPD
_b10
_c20130914
_lUCH01
_h1727
590 _aCONVERSION
_b10
_c20130109
_lUCH01
_h1304
650 1 4 _aMecánica de suelos.
_973824
650 1 4 _aSuelos
_xAnálisis.
_9110204
700 0 _aEvett, Jack B.
_939003
901 _aBK
942 _cLIBRO
949 _a624.151 L5 1990
_bI
_cLIBRO
_d-7211
_eLIBRO
_h4036
_i5967
_si
949 _a624.151 L5
_bBC
_cLIBRO
_d33724000018412
_eLIBRO
_gI.163138
_h82278
_i5967
_si
_t147.00
999 _c5772
_d5772